000 00346pab a2200157 454500
008 180718b2010 xxu||||| |||| 00| 0 eng d
100 _aVijay Kumar
245 _aWomen's reservation bill
260 _c2010
300 _ap.13-15.
362 _a24 Apr
650 _aWomen in politics
773 _aMainstream
908 _aN
909 _a86697
999 _c86697
_d86697